20 largest nordic rivers - Statistics

General Stats
  • This quiz has been taken 13 times
  • The average score is 8 of 20
Answer Stats
Flow River % Correct
709 Glomma
75%
553 Kemijoki
67%
500 Lule
67%
435 Ume
58%
353 Dalälven
50%
554 Göta älv
50%
262 Oulujoki
50%
430 Torne
50%
289 Kalix
42%
481 Ångerman
33%
282 Kymi
33%
330 Vorma
33%
584 Vuoksi
33%
314 Drammenselva
25%
448 Indalsälven
25%
285 Namsen
25%
423 Ölufsá
25%
370 Þjórsá
25%
250 Kúðafljót
17%
263 Skien
17%
No matching quizzes found
Score Distribution
Percent of People with Each Score
Percentile by Number Answered
Your Score History
You have not taken this quiz